Thinking together

Bibliographic Details
Main Author: Howard, V. A
Other Authors: Barton, John J. H
Format: Book
Published: New York : William Morrow and Company, Inc , 1992
Subjects:

MARC

LEADER 00000cam a2200000 7i4500
001 0000015465
005 20080326.0
008 080326
020 |a 068812576X 
090 0 0 |a 371.37   |b HOW 
100 1 |a Howard, V. A 
245 1 0 |a Thinking together   |c V. A. Howard and John J. H. Barton 
260 |a New York :   |b William Morrow and Company, Inc ,   |c 1992 
650 0 |a Discussion 
650 0 |a Forums (Discussion and debate)   |x Planning 
650 0 |a Thought and thingking   |x Study and teaching 
700 1 |a Barton, John J. H 
999 |a 0001017808   |b Book   |c Adult Collection   |e Perbadanan Perpustakaan Awam Johor 
999 |a 0001017809   |b Book   |c Adult Collection   |e Cawangan Pontian 
999 |a 0001017810   |b Book   |c Adult Collection   |e Perbadanan Perpustakaan Awam Johor